LEADER 01163nam a2200277 4500 001 000000340492 003 CaOOAMICUS 005 20200702115013.0 008 200608s1981 fr 000 u fre r 020 $a2-227-34021-5 040 $aSeMil$bita 100 1 $aGozier, André,$d<1930- >.$0(OLS)http://semarc/name/111461 245 10$aSaint Jean de la Croix :$bou l'heureuse aventure /$cun moine bénédictin. 264 1$aParis :$bLe Centurion,$c1981. 300 $a143 p. ;$c21 cm 500 $aCon dedica 541 0 $aFondo mons. Pasquale Macchi 600 04$aGiovanni : della Croce .$0(OLS)http://semarc/subject/7848 650 4$aGiovanni : della Croce - Spiritualità.$0(OLS)http://semarc/subject/1198 850 $aSeMil 852 $aSeMil$W1$xVenegono$y1$m2C III 672$j220425$B231586$CSeMilBibl$Z2$F231586 $81 941 1 $a9 996 $6020$a2-227-34021-5$9(OLS)http://semarc/number/290458 996 $6245$aSaint Jean de la Croix :$bou l'heureuse aventure$9(OLS)http://semarc/title/429526 996 $6264$aParis :$bLe Centurion$9(OLS)http://semarc/publisher/32052 LEADER 00956nam a2200205 i 4500 001 000000000830 003 CaOOAMICUS 005 20180830125434.0 008 180830n gw u000 u und u 040 $aSeMil$bita 100 1 $aSiewerth, Gustav,$d<1903-1963>.$0(OLS)http://semarc/name/694 245 10$aGesammelte Werke /$cGustav Siewerth ; hrsg. von Wolfgang Behler und Alma von Stockhausen. 260 $aDüsseldorf :$bPatmos 300 $av. ;$c23 cm. 700 1 $aStockhausen, Alma : von.$0(OLS)http://semarc/name/696 700 1 $aBehler, Wolfgang.$0(OLS)http://semarc/name/695 774 0 $aSiewerth, Gustav <1903-1963>$tSein und Wahrheit.$dDüsseldorf : Patmos, 1975.$z3491774934$g1$w()71669 774 0 $aSiewerth, Gustav <1903-1963>$tGott in der Geschichte.$dDüsseldorf : Patmos, 1971.$z349100134X$g3$w()71670 996 $6245$aGesammelte Werke$9(OLS)http://semarc/title/1268 996 $6260$aDüsseldorf :$bPatmos$9(OLS)http://semarc/publisher/30034